000 01161cam a2200229 4500
001 WB4020-07
008 040527n2004 000 0 eng u
035 _a(Sirsi) u126304
245 _aHouse price rise sustained into May
260 _c2004
490 _aNationwide Press Release
_v27 May 2004 (4)
520 _aRapidly rising house prices have continued into May with the average house price increasing by 1.9% to £149 020 according to the latest "Nationwide monthly review". Prices are 19.5% or £24 000 higher than in May 2003 with prices rising by more than 9% in the first five months of 2004 compared to 5.8% over the same period in 2003. The Nationwide house price forecast for the 12 months to December 2004 remains at 15%, reflecting an expectation that the market will slow over the second half of 2004. http://www.nationwide.co.uk/hpi/historical/MPR0405 .pdf
590 _aWB
590 _aWB
650 _aNATIONWIDE BUILDING SOCIETY
650 _aHOUSE PRICE SURVEYS
650 _aHOUSING MARKET FORECASTS
650 _aHOUSING MARKET SURVEYS
650 _aHOUSE PRICE INFLATION
690 _aHOUSING-HOUSE PRICES
942 _n0
999 _c117411
_d117411